| 000 | 00498nam a22001817a 4500 | ||
|---|---|---|---|
| 003 | CEME | ||
| 005 | 20210628205119.0 | ||
| 008 | 210225b xxu||||| |||| 00| 0 eng d | ||
| 020 | _a0-13-465501-X | ||
| 040 | _c. | ||
| 082 | _a004 MAR'I | ||
| 100 |
_aMartin, James _9786 |
||
| 245 | _aInformation engineering design and construction | ||
| 260 |
_aENGLWEOOD CLIFF _bPRENTICE HAL _c1989 |
||
| 300 | _aVOL-3 | ||
| 650 |
_aSYSTEMS DESIGN ELETRONIC DATA PROCESSING ACC NO _973981 |
||
| 942 |
_cBK _2ddc |
||
| 999 |
_c579577 _d579577 |
||